| 000 | 00375nam a2200121Ia 4500 | ||
|---|---|---|---|
| 008 | 190415s9999 xx 000 0 und d | ||
| 082 | _a303.406 NEG-I | ||
| 100 | _aArunachal Institute of Tribal | ||
| 245 | 0 | _aInternational seminar on negotiating interventions in South East Asia: programme | |
| 260 |
_aItanagar _bRajiv Gandhi University _c2010 |
||
| 300 | _a82 | ||
| 942 | _cBK | ||
| 999 |
_c15927 _d15927 |
||